000 01044cac a2200325 i 4500
003 EG-GICUC
005 20260121101416.0
008 940728s1994 enk frb 001 0 eng d
020 _a0333361369
_qhard
020 _a9780333361368
_q(hard)
040 _aDLC
_cDLC
_dDLC
_dEG-GICUC
_beng
_erda
050 0 0 _aJC571
_b.J597 1994
082 0 0 _a341.48
_221
092 0 4 _221
099 _aLaw 08 1994
100 1 _aJones, Peter,
_d1945 December 19-
245 1 0 _aRights /
_cPeter Jones.
264 _aLondon :
_bThe Macmillan Press,
_c1994.
300 _aix, 258 page ;
_c23 cm.
336 _atext
_btxt
_2rdacontent
337 _aunmediated
_bn
_2rdamedia
338 _avolume
_bnc
_2rdacarrier
504 _aIncludes bibliographical references (p. 240-251) and index.
650 0 0 _aHuman rights.
650 0 0 _aNatural law.
856 4 2 _uhttps://fll.law.cu.edu.eg/fulltext/bks/ENGB08-00078.pdf
856 4 2 _3Publisher description
_uhttp://www.loc.gov/catdir/enhancements/fy0828/94032810-d.html
905 _a10
942 _2ddc
_cBK
_e21
_n0
999 _c47934
_d47934